000 00793nam a22002057a 4500
005 20180706161719.0
010 _aB-084052
020 _a8187530049
035 _aB-084052
037 _bVedantic Research Publications
082 _a921
100 _aGanguli, Adwaita P.
245 _aNetaji Subhas confronted the indian ethos (1900-1921):
_bYogi sri Aurbindo's 'Terrorism', poet tagore's 'universalism', and mahatma gandhi's experimental non-violence
_cAdwaita P. Ganguli
260 _aDehradun
_bVedantic Research Publications
_c2003
270 _a163/1/3A Rajput Road, Dehradun 248009
_bDehradun
_e248009
300 _a224p.
_c23cm(hb)
500 _aIt contain index
942 _2ddc
_cEN
_h921
_mGAN
999 _c153548
_d153548